| 000 | 00595nam a2200205 i 4500 | ||
|---|---|---|---|
| 001 | 142769 | ||
| 003 | ES-MaACL | ||
| 005 | 20230906200622.0 | ||
| 007 | t| | ||
| 008 | 071009s1967 sp ||||1| spa d | ||
| 245 | 0 | 0 |
_aViernes santo / _cAbadía de Beuron ; [tradujo Luis M. Bombin]. |
| 260 |
_aSalamanca : _bSígueme, _c1967. |
||
| 300 |
_a131 p. ; _c19 cm. |
||
| 490 | 1 |
_aPalabra de Dios ; _v2 |
|
| 700 | 1 |
_aBombin, Luis M. _930029 |
|
| 710 | 2 |
_aAbadía de Beuron. _91131 |
|
| 830 | 0 |
_aPalabra de Dios ; _v2 _9182138 |
|
| 852 |
_aES-MaACL _jC-33847 _bR.64997 |
||
| 999 |
_c142769 _d142769 |
||